000 00697nam a2200193Ii 4500
003 JO-AjNU
008 230605s9999||||xx |||||||||||||| ||und||
040 _aJO-AjNU
_bara
_erda
_cJO-AjNU
041 _aara
050 1 4 _aQA76.73.P25.B37 1990
100 3 _aسماكة ، محمد/ م. مشارك رعد خير الاسدي,
_eauthor
_935202
245 0 0 _aالبرمجة بلغة باسكال
264 3 1 _aالعراق:وزارة التعليم العالي ، 1990
300 _a432ص
336 _atext
_btxt
_2rdacontent
337 _aunmediated
_bn
_2rdamedia
338 _avolume
_bnc
_2rdacarrier
650 4 _aلغة باسكال- الحاسبات الالكترونية-برامج
_935203
999 _aA14509
_c18077
_d18077